PROFITS AND POLITICS IN THE POST WAR WORLD. (Record no. 1275896)

MARC details
000 -LEADER
fixed length control field 00534nam a2200181Ia 4500
008 - FIXED-LENGTH DATA ELEMENTS--GENERAL INFORMATION
fixed length control field 151202s9999||||xx |||||||||||||| ||und||
082 ## - DEWEY DECIMAL CLASSIFICATION NUMBER
Item number PNVM-9907
100 ## - MAIN ENTRY--PERSONAL NAME
Personal name CHARQUES R.D. & EWEN A.H.
245 ## - TITLE STATEMENT
Title PROFITS AND POLITICS IN THE POST WAR WORLD.
260 ## - PUBLICATION, DISTRIBUTION, ETC. (IMPRINT)
Name of publisher, distributor, etc V.GOLLANCZ.
260 ## - PUBLICATION, DISTRIBUTION, ETC. (IMPRINT)
Date of publication, distribution, etc 1934
300 ## - PHYSICAL DESCRIPTION
Extent 287
600 ## - SUBJECT ADDED ENTRY--PERSONAL NAME
Personal name CHARQUES R.D. & EWEN A.H.
630 ## - SUBJECT ADDED ENTRY--UNIFORM TITLE
Uniform title PROFITS AND POLITICS IN THE POST WAR WORLD.
700 ## - ADDED ENTRY--PERSONAL NAME
Personal name CHARQUES R.D. & EWEN A.H.
730 ## - ADDED ENTRY--UNIFORM TITLE
Uniform title PROFITS AND POLITICS IN THE POST WAR WORLD.
942 ## - ADDED ENTRY ELEMENTS (KOHA)
Koha item type Book
Holdings
Withdrawn status Lost status Damaged status Not for loan Home library Current library Date acquired Cost, normal purchase price Total Checkouts Full call number Barcode Date last seen Cost, replacement price Price effective from Koha item type
        Pune Nagar Vachan Mandir, Pune Pune Nagar Vachan Mandir, Pune 07/09/2015 0.00   PNVM-9907 PNVM-9907 12/02/2015 0.00 12/02/2015 Book